000 01296namaa22003131i 4500
005 20260409131343.0
008 260409s1995 ua a|||frm||| 000 0 eng d
040 _aEG-GICUC
_beng
_cEG-GICUC
_dEG-GICUC
_erda
041 0 _aeng
_beng
_dara
049 _aDeposit
097 _aM.Sc
099 _aCai01.11.18.M.Sc.1995.Kh.B
100 0 _aKhaled Sayed Soltan,
_epreparation.
245 1 0 _aBrainstem auditory evoked potentials in metabolic encephalopathies /
_cBy Khaled Sayed Soltan ; Supervisors Prof. Dr. Mohammed Mashaly, Assi. Prof. Dr. Noaman El*-Garem
246 1 5 _aاستخدام الجهد الكهربي المستحث سمعيا في استنتاج الاعتلال الدماغي الايضي
264 0 _c1995.
300 _a71 Leaves
_billustrations
_c30 cm. +
336 _2rda content
_atext
337 _2rdamedia
_aUnmediated
338 _2rdacarrier
_avolume
502 _aThesis (M.Sc.)-Cairo University, 1995
504 _aBibliography: pages 61-71
653 0 _ametabolic encephalopathies
700 0 _aMohammed Mashaly
_ethesis advisor.
700 0 _aNoaman El*-Garem
_ethesis advisor.
900 _DDepartment of Internal Medicine
_FFaculty of Medicine
_UCairo University
_b1995
_cMohammed Mashaly
_cNoaman El*-Garem
905 _aNehad
942 _2ddc
_cTH
_e21
_n0
999 _c179341